Moderne Länder, die von Alexander dem Großen erobert wurden - Statistiken

Allgemein
  • Dieses Quiz wurde 11.025 mal gespielt
  • Das Durchschnittsergebnis liegt bei 14 aus 17
Antwortstatistiken
% Land % Korrekt
70 Türkei
97%
70 Griechenland
95%
90 Iran
92%
70 Irak
91%
70 Israel
88%
80 Syrien
87%
40 Ägypten
86%
75 Nordmazedonien
82%
25 Albanien
80%
90 Bulgarien
80%
100 Libanon
79%
90 Afghanistan
78%
80 Pakistan
77%
100 Zypern
70%
30 Turkmenistan
62%
80 Kuwait
55%
80 Tadschikistan
54%
Keine übereinstimmenden Quizze gefunden
Verteilung der Resultate
Anzahl Personen mit jedem Resultat
Perzentil nach korrekt beantworteten Fragen
Ihre Resultats-Entwicklung
Sie haben dieses Quiz noch nicht gespielt